000 nam a22 7a 4500
999 _c7635
_d7635
008 170923b xxu||||| |||| 00| 0 eng d
100 _94134
_aMittal.R.S.etal
245 _aLab manual Physics-XI
260 _aNew Delhi
_bAP
_c2009